[Event "1st Gujarat GM Open 2018"]
[Site "Ahmedabad"]
[Date "2018.10.06"]
[Round "2"]
[White "Ziatdinov, Raset"]
[Black "Aditya Varun Gampa"]
[Result "1-0"]
[WhiteElo "2265"]
[BlackElo "1898"]
[Annotator "NA"]
[PlyCount "49"]
[EventDate "2018.10.05"]
[EventType "swiss"]
[EventCountry "IND"]
[SourceTitle "playchess.com"]
[Source "ChessBase"]
[SourceQuality "1"]
[TimeControl "5400+30"]

1. e4 {[%emt 0:03:24]} c5 {[%emt 0:00:00]} 2. Nf3 {[%emt 0:00:05]} Nc6 {[%emt 0:00:05]} 3. d4 {[%emt 0:00:12]} cxd4 {[%emt 0:00:29]} 4. Nxd4 {[%emt 0:00:03]} Qc7 {[%emt 0:00:37]} 5. Nc3 {[%emt 0:00:41]} e6 {[%emt 0:00:26]} 6. f4 {[%emt 0:03:39]} a6 {[%emt 0:01:22]} 7. Nf3 {[%emt 0:00:45]} d6 {[%emt 0:00:46]} 8. Bd3 {[%emt 0:00:11]} Nf6 {[%emt 0:00:10]} 9. O-O {[%emt 0:00:12]} b5 {[%emt 0:00:53]} 10. Kh1 {[%emt 0:01:07]} Bb7 {[%emt 0:01:51]} 11. f5 {[%emt 0:07:00]} Be7 {[%emt 0:01:55]} 12. Ng5 {[%emt 0:01:44]} e5 {[%emt 0:03:36]} 13. a4 {[%emt 0:03:59]} b4 {[%emt 0:08:44]} 14. Nd5 {[%emt 0:10:55]} Qd8 {[%emt 0:03:00]} 15. Bc4 {[%emt 0:02:16]} O-O {[%emt 0:06:43]} 16. Nxf6+ {[%emt 0:01:09]} Bxf6 {[%emt 0:01:00]} 17. Qh5 {[%emt 0:03:25]} Bxg5 {[%emt 0:02:24]} 18. Bxg5 {[%emt 0:00:08]} Qc7 {[%emt 0:00:58]} 19. Bf6 {[%emt 0:05:45]} gxf6 {[%emt 0:02:35]} 20. Rf3 {[%emt 0:01:00]} Rfc8 {[%emt 0:00:41]} 21. Qh6 {[%emt 0:00:59]} Ne7 {[%emt 0:02:02]} 22. Rg3+ {[%emt 0:00:21]} Ng6 {[%emt 0:00:13]} 23. fxg6 {[%emt 0:00:10]} Qxc4 {[%emt 0:01:27]} 24. gxh7+ {[%emt 0:00:13]} Kh8 {[%emt 0:00:07]} 25. Qg7# {[%emt 0:00:10]} 1-0

[Event "1st Gujarat GM Open 2018"]
[Site "Ahmedabad"]
[Date "2018.10.06"]
[Round "2"]
[White "Ritviz, Parab"]
[Black "Umang, Kaisary"]
[Result "1-0"]
[WhiteElo "2252"]
[BlackElo "1869"]
[Annotator "NA"]
[PlyCount "137"]
[EventDate "2018.10.05"]
[EventType "swiss"]
[EventCountry "IND"]
[SourceTitle "playchess.com"]
[Source "ChessBase"]
[SourceQuality "1"]
[TimeControl "5400+30"]

1. e4 c5 2. Nf3 d6 3. c3 Nf6 4. Bd3 Nc6 5. O-O Bg4 6. h3 Bxf3 7. Qxf3 d5 8. exd5 Qxd5 9. Qxd5 Nxd5 10. Be4 O-O-O 11. Na3 g6 12. Nc4 Bg7 13. Re1 f5 14. Bf3 e5 15. d3 h6 16. a4 Rhe8 17. a5 Kc7 18. g3 Nde7 19. Be3 Rxd3 20. Be2 Rd5 21. Na3 b6 22. Bc4 Rdd8 23. b4 cxb4 24. cxb4 Nd5 25. Bxd5 Rxd5 26. Rac1 Kd7 27. axb6 axb6 28. Nc4 Nxb4 29. Nxb6+ Ke6 30. Nxd5 Nxd5 31. Rc6+ Kf7 32. Bc5 Nf6 33. Rb1 Rd8 34. Rb7+ Kg8 35. Be7 Rd7 36. Rxd7 Nxd7 37. Rd6 Nf8 38. Bxf8 Bxf8 39. Rxg6+ Kf7 40. Ra6 Bg7 41. Kg2 e4 42. g4 f4 43. Ra4 f3+ 44. Kf1 Kg6 45. Rxe4 Kg5 46. Re7 Bd4 47. Rf7 Bf6 48. Rf8 Kg6 49. Rb8 Bd4 50. Rb3 Kg5 51. Rxf3 Kh4 52. Kg2 Kg5 53. Rf5+ Kg6 54. f4 Bb2 55. Ra5 Bc3 56. Ra6+ Kg7 57. h4 Bd4 58. g5 h5 59. f5 Kh7 60. Rd6 Be5 61. Rd7+ Kg8 62. Kf3 Bc3 63. Ke4 Be1 64. f6 Bxh4 65. Kf5 Kf8 66. g6 Ke8 67. Re7+ Kd8 68. g7 Bxf6 69. Kxf6 1-0

[Event "1st Gujarat GM Open 2018"]
[Site "Ahmedabad"]
[Date "2018.10.06"]
[Round "2"]
[White "Srija, Seshadri"]
[Black "Shah Jeet"]
[Result "1-0"]
[WhiteElo "2246"]
[BlackElo "1828"]
[Annotator "NA"]
[PlyCount "115"]
[EventDate "2018.10.05"]
[EventType "swiss"]
[EventCountry "IND"]
[SourceTitle "playchess.com"]
[Source "ChessBase"]
[SourceQuality "1"]
[TimeControl "5400+30"]

1. e4 {[%emt 0:00:00]} e5 {[%emt 0:00:04]} 2. Nf3 {[%emt 0:00:00]} Nc6 {[%emt 0:00:17]} 3. Bb5 {[%emt 0:00:00]} a6 {[%emt 0:00:32]} 4. Ba4 {[%emt 0:00:03]} Nf6 {[%emt 0:00:10]} 5. O-O {[%emt 0:00:10]} Be7 {[%emt 0:00:07]} 6. d3 {[%emt 0:00:15]} d6 {[%emt 0:01:46]} 7. a3 {[%emt 0:00:48]} O-O {[%emt 0:02:18]} 8. Nc3 {[%emt 0:01:17]} Re8 {[%emt 0:02:42]} 9. h3 {[%emt 0:08:03]} h6 {[%emt 0:03:52]} 10. Ne2 {[%emt 0:01:50]} Bf8 {[%emt 0:02:22]} 11. c4 {[%emt 0:03:03]} Rb8 {[%emt 0:07:28]} 12. Be3 {[%emt 0:05:13]} b5 {[%emt 0:00:53]} 13. cxb5 {[%emt 0:04:08]} axb5 {[%emt 0:00:09]} 14. Bc2 {[%emt 0:01:40]} d5 {[%emt 0:00:38]} 15. Ng3 {[%emt 0:02:35]} Na5 {[%emt 0:05:44]} 16. b4 {[%emt 0:03:53]} dxe4 {[%emt 0:00:47]} 17. dxe4 {[%emt 0:12:25]} Nc4 {[%emt 0:00:17]} 18. Qe2 {[%emt 0:01:38]} Ra8 {[%emt 0:03:25]} 19. Rfd1 {[%emt 0:01:24]} Bd6 {[%emt 0:04:57]} 20. Bb3 {[%emt 0:13:44]} Rxa3 {[%emt 0:04:08]} 21. Bxc4 {[%emt 0:02:21]} Rxa1 {[%emt 0:00:31]} 22. Bxf7+ {[%emt 0:01:34]} Kxf7 {[%emt 0:00:01]} 23. Rxa1 {[%emt 0:00:08]} Bd7 {[%emt 0:02:12]} 24. Qb2 {[%emt 0:08:47]} Qe7 {[%emt 0:02:48]} 25. Ra7 {[%emt 0:01:20]} Kg8 {[%emt 0:06:12]} 26. Nh4 {[%emt 0:01:06]} Qf7 {[%emt 0:07:54]} 27. Bc5 {[%emt 0:03:18]} Qc4 {[%emt 0:07:15]} 28. Bxd6 {[%emt 0:02:10]} cxd6 {[%emt 0:00:02]} 29. Nhf5 {[%emt 0:02:03]} Bxf5 {[%emt 0:06:29]} 30. Nxf5 {[%emt 0:00:14]} Qxe4 {[%emt 0:02:19]} 31. Nxd6 {[%emt 0:01:10]} Qe1+ {[%emt 0:00:08]} 32. Kh2 {[%emt 0:00:00]} Rf8 {[%emt 0:02:57]} 33. Ra1 {[%emt 0:02:27]} Ng4+ {[%emt 0:02:22]} 34. hxg4 {[%emt 0:00:14]} Qxf2 {[%emt 0:00:23]} 35. Qxf2 {[%emt 0:02:01]} Rxf2 {[%emt 0:00:01]} 36. Ra7 {[%emt 0:03:52]} Rf4 {[%emt 0:00:28]} 37. Kg3 {[%emt 0:00:16]} Rxb4 {[%emt 0:00:08]} 38. Nf5 {[%emt 0:00:09]} Rf4 {[%emt 0:05:08]} 39. Rxg7+ {[%emt 0:00:26]} Kf8 {[%emt 0:00:15]} 40. Rb7 {[%emt 0:00:12]} h5 {[%emt 0:01:08]} 41. Ne3 {[%emt 0:01:20]} Re4 {[%emt 0:00:44]} 42. Kf3 {[%emt 0:00:29]} Rf4+ {[%emt 0:00:11]} 43. Ke2 {[%emt 0:00:16]} hxg4 {[%emt 0:00:40]} 44. Rxb5 {[%emt 0:00:10]} Re4 {[%emt 0:00:14]} 45. Rb7 {[%emt 0:00:50]} Ra4 {[%emt 0:00:44]} 46. Rb5 {[%emt 0:03:23]} Re4 {[%emt 0:00:07]} 47. Kf2 {[%emt 0:02:12]} Kf7 {[%emt 0:01:48]} 48. Rb6 {[%emt 0:00:36]} Ra4 {[%emt 0:00:40]} 49. Nf1 {[%emt 0:01:09]} Rf4+ {[%emt 0:01:54]} 50. Kg1 {[%emt 0:00:12]} Ra4 {[%emt 0:04:57]} 51. Kh2 {[%emt 0:00:35]} Ra1 {[%emt 0:00:48]} 52. Ng3 {[%emt 0:01:48]} Ra4 {[%emt 0:00:46]} 53. Nf5 {[%emt 0:00:17]} Rf4 {[%emt 0:00:45]} 54. Nh6+ {[%emt 0:00:21]} Kg7 {[%emt 0:01:56]} 55. Kg3 {[%emt 0:00:05]} Rf1 {[%emt 0:00:29]} 56. Nxg4 {[%emt 0:00:24]} e4 {[%emt 0:00:04]} 57. Re6 {[%emt 0:00:12]} Re1 {[%emt 0:00:07]} 58. Kf2 {[%emt 0:00:05]} 1-0

[Event "1st Gujarat GM Open 2018"]
[Site "Ahmedabad"]
[Date "2018.10.06"]
[Round "2"]
[White "Parnali, S Dharia"]
[Black "Kravtsiv, Martyn"]
[Result "0-1"]
[WhiteElo "2211"]
[BlackElo "2654"]
[Annotator "TA"]
[PlyCount "104"]
[EventDate "2018.10.05"]
[EventType "swiss"]
[EventCountry "IND"]
[SourceTitle "playchess.com"]
[Source "ChessBase"]
[SourceQuality "1"]

{[%evp 17,104,25,25,7,12,-9,-9,-4,0,-20,-9,-26,-27,-88,-79,-83,-85,-69,-66,-72,-47,-96,-97,-101,-105,-105,-105,-105,-89,-100,-108,-113,-93,-106,-97,-118,-120,-176,-154,-143,-162,-160,-156,-162,-148,-193,-179,-183,-179,-191,-193,-196,-196,-260,-262,-363,-353,-354,-333,-578,-541,-515,-377,-497,-531,-497,-518,-486,-451,-588,-580,-568,-507,-795,-765,-748,-748,-739,-739,-693,-665,-1034,-948,-1193,-1139,-4627,-2597,-5089,-4610]} 1. d4 Nf6 2. c4 e6 3. g3 d5 4. Nf3 Bb4+ 5. Bd2 Be7 6. Bg2 O-O 7. O-O c6 8. Qc2 a5 9. Bf4 Nbd7 {[%cal Bb8d7,Bd7f6,Bf6d5][%mdl 32]} 10. Nbd2 {[%cal Bb1d2,Bd2f3,Bf3e5][%mdl 32] E08: Closed Catalan: Main Line: 7 Qc2} Nh5 11. Rfd1 Nxf4 12. gxf4 {The position is equal.} b6 13. Ne5 $146 ({Predecessor:} 13. Rac1 Bb7 14. f5 Bd6 15. Nf1 exf5 16. cxd5 cxd5 17. Qxf5 {1-0 (73) Avrukh,B (2628)-Macieja,B (2617) Maalot-Tarshiha 2008}) 13... Bb7 14. Ndf3 Nf6 15. Rd3 {[#]} (15. e3 $11 {keeps the balance.}) 15... dxc4 $1 $17 16. Nxc4 Nd5 {Threatens to win with ...Nb4.} 17. Qc1 Rc8 18. e4 Ba6 19. Nfe5 f6 20. exd5 cxd5 ({Worse is} 20... fxe5 21. d6 $16) ({But not} 20... exd5 $6 21. Rc3 $11) 21. Rc3 {[#] Strongly threatening Bh3.} dxc4 22. Nc6 Qd7 23. Nxe7+ Qxe7 24. Qe3 Qd6 25. Re1 Rfe8 26. Bh3 {[%cal Rh3e6]} f5 27. Rc2 (27. Bg2 $17) 27... Rcd8 28. Rd2 Bb7 29. Bg2 Bxg2 30. Kxg2 b5 {[%cal Bb6b5,Bb5b4][%mdl 32]} 31. Qe5 Qd5+ 32. Kg3 b4 33. Rc1 Rc8 34. Re2 Kf7 35. Rce1 (35. Rec2 $142) 35... c3 $19 36. bxc3 Rxc3+ 37. Re3 Rec8 38. f3 $2 (38. R1e2) 38... Rxe3 39. Rxe3 {[%mdl 4096] Endgame KQR-KQR} a4 40. Re1 Rc2 {Black is clearly winning.} 41. Ra1 Qxe5 42. fxe5 {KR-KR} Rd2 43. h4 Rxd4 44. Rc1 Rd7 45. Rc8 (45. h5 $142 b3 46. axb3 axb3 47. Rb1) 45... Rb7 46. Rc2 b3 47. axb3 axb3 48. Rb2 Ke7 49. h5 Kd7 50. Kf4 Kc6 51. Kg5 Kd5 52. h6 Kxe5 {Precision: White = 29%, Black = 91%.} 0-1

[Event "1st Gujarat GM Open 2018"]
[Site "Ahmedabad"]
[Date "2018.10.06"]
[Round "2"]
[White "Mehdi Hasan Parag"]
[Black "Tukhaev, Adam"]
[Result "1/2-1/2"]
[WhiteElo "2209"]
[BlackElo "2556"]
[Annotator "TA"]
[PlyCount "83"]
[EventDate "2018.10.05"]
[EventType "swiss"]
[EventCountry "IND"]
[SourceTitle "playchess.com"]
[Source "ChessBase"]
[SourceQuality "1"]

{[%evp 19,83,28,30,-1,13,-3,17,2,11,8,8,0,0,-5,17,-23,0,0,0,0,0,0,0,0,51,52,62,15,27,27,43,0,0,0,8,0,0,0,0,0,0,0,8,0,0,0,0,0,0,0,0,0,0,0,0,0,0,0,0,0,0,0,0,0,0,0]} 1. e4 d6 2. d4 Nf6 3. Nc3 g6 4. f4 Bg7 5. Nf3 O-O 6. Bd3 Na6 7. O-O c5 8. d5 Bg4 9. h3 Bxf3 10. Qxf3 Nb4 {LiveBook: 42 Games. B09: Pirc Defence: Austrian Attack} 11. Be3 (11. a4 Nd7 12. Qe2 Nxd3 13. Qxd3 Qb6 14. Kh1 Rac8 15. a5 Qa6 16. Qxa6 bxa6 17. Bd2 Rb8 18. b3 {0-1 (52) Sethuraman,S (2640)-Malakhov,V (2694) Berlin 2015}) 11... Nd7 12. Bf2 $146 ({Predecessor:} 12. g4 b5 13. Rf2 Nxd3 14. cxd3 Qa5 15. Rg2 Bxc3 16. bxc3 Qxc3 17. Rd1 Rac8 18. Qf2 {0-1 (41) Houston,D-Shell,G (2055) Elo-33 vs BCCA-4 1999}) 12... Rb8 13. a3 Nxd3 14. Qxd3 Qa5 15. Rab1 Rfc8 16. Bh4 Re8 17. Qf3 b5 18. e5 b4 19. Ne4 bxa3 20. bxa3 Rxb1 21. Rxb1 {Strongly threatening Rb7.} dxe5 ({Better is} 21... c4 $11) 22. Rb7 Qa4 23. Nc3 Qd4+ ({Much weaker is} 23... Qxc2 $6 24. Rxd7 exf4 25. Ne2 $16) 24. Bf2 e4 $1 {[%cal Re4f3]} 25. Bxd4 Bxd4+ {The position is equal.} 26. Qf2 $1 Nf6 27. Rxa7 Rb8 28. Rxe7 Rb2 29. Nxe4 Nxd5 30. Re5 {[#] Hoping for Qxd4.} Bxf2+ 31. Nxf2 Nxf4 32. Rxc5 $11 {[%mdl 4096] Endgame KRN-KRN} Ra2 33. Rc4 Ne2+ 34. Kf1 Ng3+ 35. Ke1 Rxa3 36. Nd3 f5 37. Rc7 Ra1+ 38. Kf2 Ne4+ 39. Ke3 Rg1 40. Kf3 Rf1+ 41. Ke3 Rg1 42. Kf3 {Precision: White = 53%, Black = 64%.} 1/2-1/2

[Event "1st Gujarat GM Open 2018"]
[Site "Ahmedabad"]
[Date "2018.10.06"]
[Round "2"]
[White "Kulkarni, Vinayak"]
[Black "Bernadskiy, Vitaliy"]
[Result "1/2-1/2"]
[WhiteElo "2203"]
[BlackElo "2547"]
[Annotator "TA"]
[PlyCount "98"]
[EventDate "2018.10.05"]
[EventType "swiss"]
[EventCountry "IND"]
[SourceTitle "playchess.com"]
[Source "ChessBase"]
[SourceQuality "1"]

{[%evp 15,98,46,44,-1,22,0,0,0,0,0,0,0,0,0,0,0,10,3,23,0,0,0,0,0,0,0,0,0,16,9,12,19,11,17,37,23,27,33,59,0,148,154,148,142,145,149,159,141,148,148,137,123,134,123,113,90,78,79,82,42,59,52,25,25,65,25,35,43,52,8,8,8,8,8,8,8,8,8,20,0,0,0,54,0,0]} 1. d4 e6 2. c4 Bb4+ 3. Nc3 d5 4. e3 c5 5. a3 Bxc3+ 6. bxc3 Ne7 {D31: Queen's Gambit Declined: Semi-Slav without ...Nf6 (+ Marshall Gambit and Noteboom) and Exchange Variation lines without ...Nf6} (6... Nf6 7. cxd5 exd5 8. Bd3 O-O 9. Ne2 b6 10. O-O Ba6 11. f3 Re8 12. Ng3 Bxd3 13. Qxd3 Nc6 14. Bb2 h5 15. Rae1 h4 16. Nf5 h3 17. gxh3 Ne7 18. dxc5 bxc5 19. c4 dxc4 20. Nxe7+ Qxe7 21. Qxc4 Rab8 22. Rf2 {0-1 (40) Navara,D (2740)-Alekseev,E (2616) Katowice 2017}) 7. Nf3 Qc7 8. cxd5 exd5 {LiveBook: 4 Games. White is slightly better.} 9. Bb2 $146 ({Predecessor:} 9. c4 O-O 10. cxd5 Nxd5 11. Qc2 cxd4 12. Qxc7 Nxc7 13. Nxd4 Ne6 14. Nf5 {1-0 (51) Beliavsky,A (2609)-Mitkov,N (2519) San Cristobal 2012}) 9... O-O 10. Bd3 c4 11. Bc2 Bf5 12. O-O Nbc6 13. a4 Rfe8 14. Ba3 Bxc2 15. Qxc2 Ng6 (15... Rad8 {with more complications.} 16. Rfe1 Ng6 17. Rab1 b6 18. Nd2 Qd7) 16. Nd2 Qd7 17. Rfe1 Re6 18. Nf1 Rae8 19. Qf5 Na5 20. e4 Nh4 21. Qh3 {exd5 is the strong threat.} Nb3 22. exd5 $1 Qxd5 23. Rxe6 Rxe6 {[#]} 24. Re1 $1 {[%mdl 512] Black must now prevent Rxe6.} Nf5 (24... Rxe1 25. Qc8+) 25. Rxe6 fxe6 26. Qh5 $40 {[%cal Rh5e8][%mdl 128] White is up to no good.} Qd7 27. g4 ({Better is} 27. Qe2 $1 $14) 27... Ne7 {[#]} (27... Nh6 $1 $11 {keeps the balance.}) 28. Bxe7 $1 $16 Qxe7 29. Qb5 h6 30. Qxc4 Na5 31. Qb5 Nc6 32. Ne3 a6 33. Qd3 Qd7 34. Qe4 Nd8 35. d5 exd5 36. Nxd5 Qe6 37. Qxe6+ (37. Qf3 {is more complex.} Nf7 38. Ne3 Nd6 39. h4 Kh7 40. Kg2) 37... Nxe6 {[%mdl 4096] Endgame KN-KN} 38. Kg2 Nc5 39. Nb6 Kf7 40. f4 Ke6 41. Kf3 Kd6 42. Nc4+ Kd5 43. Ne3+ Ke6 44. f5+ Ke5 45. Nc4+ Kd5 46. Nb2 Ne4 47. Nd1 Nc5 48. Nb2 (48. a5 $11) 48... Ne4 $14 49. Nd1 (49. c4+ $14 Kd4 50. h4) 49... Nc5 {Precision: White = 65%, Black = 69%.} 1/2-1/2

[Event "1st Gujarat GM Open 2018"]
[Site "Ahmedabad"]
[Date "2018.10.06"]
[Round "2"]
[White "Jeet, Jain"]
[Black "Sivuk, Vitaly"]
[Result "0-1"]
[WhiteElo "2185"]
[BlackElo "2545"]
[Annotator "TA"]
[PlyCount "113"]
[EventDate "2018.10.05"]
[EventType "swiss"]
[EventCountry "IND"]
[SourceTitle "playchess.com"]
[Source "ChessBase"]
[SourceQuality "1"]

{[%evp 9,113,12,37,15,18,0,0,6,4,0,4,13,19,-8,-8,-17,-8,0,-2,-2,-11,-34,-39,-38,-40,-41,-23,-37,-32,-72,-31,-79,-79,-79,-79,-86,-84,-95,-96,-94,-93,-91,-86,-116,-92,-108,-107,-138,-118,-150,-146,-137,-125,-156,-120,-112,-110,-120,-112,-112,-120,-153,-146,-152,-146,-140,-109,-151,-140,-224,-224,-239,-232,-275,-271,-276,-258,-282,-181,-293,-300,-316,-261,-243,-178,-193,-183,-363,-406,-402,-366,-423,-394,-386,-385,-436,-433,-422,-416,-5065,-5065,-5065,-5065,-1684,-1361,-1499]} 1. e4 c5 2. Nf3 d6 3. Bb5+ Nd7 4. a4 Ngf6 5. Nc3 a6 6. Bc4 {B51: Sicilian: Moscow Variation (3 Bb5+) without 3...Bd7} e6 (6... b6 7. O-O Bb7 8. Re1 Qc8 9. d3 g6 10. Bg5 Bg7 11. Qd2 O-O 12. Bh6 Bc6 13. Nd5 {0-1 (55) Jones,G (2677)-Xiong,J (2651) chess.com INT 2018}) 7. a5 Be7 8. O-O {The position is equal.} O-O 9. d4 cxd4 10. Qxd4 Qc7 11. Bg5 $146 ({Predecessor:} 11. Nd2 Ne5 12. Bd3 Bd7 13. Nc4 Nxc4 14. Qxc4 Qxc4 15. Bxc4 {½-½ (34) Engqvist,T (2353)-Sagit,R (2373) Sweden 2016}) 11... h6 12. Bh4 Ne5 $36 {[%mdl 2048] Black fights for an advantage.} 13. Be2 Ng6 14. Bg3 Nh5 15. Rfd1 {[%cal Rg3d6]} Nxg3 16. hxg3 Bd7 17. Qc4 Rac8 18. Qxc7 Rxc7 19. Rd4 Rfc8 20. Rad1 Be8 21. Nd2 Ne5 22. Nb3 Kf8 23. f4 Nc4 24. Bxc4 Rxc4 25. Rxc4 Rxc4 26. Rd4 Rc7 27. Kf1 Bf6 28. Rd3 Ke7 29. Kf2 Bb5 30. Rf3 g5 31. Ke1 Be8 32. Ke2 Rc4 33. Nd2 Rc5 34. Nb3 g4 35. Re3 Rh5 36. Kf2 Bc6 37. Re1 Kd7 38. Nd1 Ba4 39. Ne3 {[#]} (39. e5 $17 Bg7 40. Re3) 39... Bxb3 $1 $19 (39... Bxb2 40. Rb1 $17) 40. cxb3 {[%mdl 4096] Endgame KRB-KRN} Bd4 ({Don't take} 40... Rxa5 41. Nxg4 Bd4+ 42. Ke2) 41. Rd1 Bxe3+ $1 42. Kxe3 Rxa5 {KR-KR} 43. Kd4 Rh5 44. Kc4 (44. b4 $142) 44... Kc6 45. Kd4 Rh2 46. Rc1+ Kd7 47. Rg1 Rh5 48. Rc1 $2 {[#]} (48. b4 {was necessary.}) 48... Rb5 49. Rc3 Rb4+ 50. Kd3 h5 51. Ke3 a5 {[%cal Ba6a5,Ba5a4,Ba4b3][%mdl 32]} 52. Rd3 f6 53. Rc3 a4 54. Kd3 (54. bxa4 $142 Rxb2 55. Ra3) 54... Rxb3 {Black is clearly winning.} 55. Rxb3 axb3 56. Kc3 Ke8 57. Kd4 {Precision: White = 38%, Black = 82%.} 0-1

[Event "1st Gujarat GM Open 2018"]
[Site "Ahmedabad"]
[Date "2018.10.06"]
[Round "2"]
[White "Dahale, Atul"]
[Black "Lalith Babu M R"]
[Result "0-1"]
[WhiteElo "2171"]
[BlackElo "2518"]
[Annotator "TA"]
[PlyCount "82"]
[EventDate "2018.10.05"]
[EventType "swiss"]
[EventCountry "IND"]
[SourceTitle "playchess.com"]
[Source "ChessBase"]
[SourceQuality "1"]

{[%evp 19,82,-2,107,-16,-37,-1,-13,-10,39,41,44,-35,-31,-68,-63,-272,-284,-316,-327,-324,-318,-329,-325,-317,-312,-401,-409,-456,-413,-416,-406,-426,-426,-415,-409,-404,-351,-429,-381,-386,-362,-450,-366,-497,-506,-594,-595,-795,-787,-1026,-1017,-989,-997,-951,-897,-29936,-29940,-29962,-29964,-29984,-29985,-29985,-29986,-29986,-29987]} 1. d4 g6 2. c4 Bg7 3. Nf3 d6 4. Nc3 Nf6 5. e4 O-O 6. h3 Na6 7. Be3 c6 {E90: King's Indian: Classical: Early deviations and 6 h3} 8. Be2 e5 9. d5 Nh5 10. g3 f5 {LiveBook: 3 Games} (10... cxd5 $11 11. cxd5 (11. Nxd5 Nf6 $11) (11. exd5 Bd7 $11) 11... f5) 11. Qd2 $146 (11. exf5 $16 gxf5 12. Bg5) ({Predecessor:} 11. exf5 gxf5 12. dxc6 bxc6 13. Nxe5 Nxg3 14. Nxc6 Qe8 15. fxg3 Qxe3 {0-1 (27) Jakovenko,D (2736)-Tkachiev,V (2642) Moscow 2009}) 11... f4 $11 12. gxf4 Nxf4 13. O-O-O Nxe2+ 14. Qxe2 cxd5 15. cxd5 {[#]} (15. Nxd5 $14 Nc7 16. Kb1) 15... b5 $1 $15 {[%cal Bb7b5,Bb5b4][%mdl 544] Strongly threatening ...b4.} 16. Kb1 (16. Nxb5 Qa5) 16... b4 $36 {[%mdl 2048] Black has good play.} 17. Nb5 $2 (17. Na4 $1 $15) 17... Nc5 $19 18. Ng5 Ba6 {[%cal Bc8a6,Ba6b5,Bb5c4,Bc4f7,Bf7e6][%mdl 32]} 19. Bxc5 dxc5 20. Ne6 Qb6 21. Nxf8 Bxb5 22. Qg4 {[#] Black must now prevent Ne6.} Rxf8 23. d6 Bc4 24. b3 Bf7 25. Qe2 Rd8 {[%cal Bf8d8,Bd8d7,Bd7f7][%mdl 32]} 26. d7 Be6 27. h4 Rxd7 28. h5 Rf7 29. hxg6 hxg6 30. Rhg1 Rf6 31. Rg5 c4 32. bxc4 b3 33. a3 Rxf2 34. Qd3 Qd4 35. Qxd4 exd4 36. Rxg6 Kf7 37. Rdg1 Be5 {Black mates.} 38. R6g5 Bxc4 39. Rf5+ Rxf5 40. exf5 Bd3+ 41. Kb2 Bc2 {Precision: White = 23%, Black = 84%.} 0-1

[Event "1st Gujarat GM Open 2018"]
[Site "Ahmedabad"]
[Date "2018.10.06"]
[Round "2"]
[White "Rakshitta Ravi"]
[Black "Harsha Bharathakoti"]
[Result "0-1"]
[WhiteElo "2160"]
[BlackElo "2492"]
[Annotator "TA"]
[PlyCount "64"]
[EventDate "2018.10.05"]
[EventType "swiss"]
[EventCountry "IND"]
[SourceTitle "playchess.com"]
[Source "ChessBase"]
[SourceQuality "1"]

{[%evp 10,64,11,15,24,20,33,18,20,0,13,25,32,-72,-72,-72,-72,-81,-72,-79,-72,-72,-70,-62,-55,-61,-68,-64,-68,-99,-88,-94,-94,-97,-77,-77,-70,-78,-75,-70,-61,-65,-53,-78,-73,-118,-110,-115,-111,-124,-116,-29984,-29985,-29991,-29992,-29992,-29993]} 1. e4 e5 2. Nf3 Nc6 3. Bc4 Bc5 4. d3 Nf6 5. O-O d6 6. a4 a6 {C50: Hungarian Defence and Giuoco Pianissimo} (6... a5 7. h3 h6 8. c3 O-O 9. Na3 Ba7 10. Nb5 Bb6 11. Re1 Ne7 12. d4 exd4 13. Nbxd4 Ng6 14. Bb3 {0-1 (36) Nepomniachtchi,I (2751)-Karjakin,S (2783) chess.com INT 2017}) 7. Re1 Ba7 8. Nbd2 O-O {The position is equal.} 9. h3 h6 10. c3 Be6 11. Nf1 $146 {[#]} (11. Bxe6 $14 {keeps the upper hand.} fxe6 12. b4) ({Predecessor:} 11. Bxe6 fxe6 12. Nf1 Ne7 13. Be3 Bxe3 14. Rxe3 {0-1 (39) Sunilduth Lyna,N (2568)-Lalith,B (2525) Patna 2017}) 11... Nxe4 $1 $17 {[%mdl 512]} 12. Rxe4 {aiming for Bxe6.} (12. dxe4 Bxc4) 12... d5 13. Bxd5 Qxd5 14. Re1 Bf5 {[#]} 15. d4 $1 {[%mdl 512]} exd4 {[#]} 16. Ne3 $1 {[%mdl 512]} Qd7 (16... dxe3 17. Qxd5) 17. Nxf5 Qxf5 18. cxd4 Rad8 {[%cal Rc6d4]} 19. Qb3 Nxd4 20. Nxd4 Bxd4 21. Be3 Bxe3 22. Rxe3 Rd2 23. Rf3 Qe4 24. Rc1 b6 25. Qc3 Rd7 26. b3 a5 27. Kh2 Re8 28. Qc6 Qe5+ 29. Kg1 Red8 {( -> ...Rd1+)} 30. g3 $2 {[%mdl 8192]} (30. g4 $17) 30... Rd1+ {Black mates.} 31. Rxd1 Rxd1+ 32. Kg2 Qe1 {Precision: White = 46%, Black = 81%.} 0-1